<?xml version="1.0" encoding="UTF-8"?>
<record
    xmlns:xsi="http://www.w3.org/2001/XMLSchema-instance"
    xsi:schemaLocation="http://www.loc.gov/MARC21/slim http://www.loc.gov/standards/marcxml/schema/MARC21slim.xsd"
    xmlns="http://www.loc.gov/MARC21/slim">

  <leader>03343njm a2200529Ia 4500</leader>
  <controlfield tag="001">24679</controlfield>
  <controlfield tag="003">IT-RoPAU</controlfield>
  <controlfield tag="005">20220918181120.0</controlfield>
  <controlfield tag="008">131025s9999    xx            000 0 und d</controlfield>
  <datafield tag="040" ind1=" " ind2=" ">
    <subfield code="a">IT-RoPAU</subfield>
  </datafield>
  <datafield tag="040" ind1=" " ind2=" ">
    <subfield code="c">IT-RoPAU</subfield>
  </datafield>
  <datafield tag="041" ind1=" " ind2=" ">
    <subfield code="a">ITALIANO</subfield>
  </datafield>
  <datafield tag="999" ind1=" " ind2=" ">
    <subfield code="c">99738</subfield>
    <subfield code="d">99738</subfield>
  </datafield>
  <datafield tag="999" ind1=" " ind2=" ">
    <subfield code="b">NO</subfield>
  </datafield>
  <datafield tag="100" ind1=" " ind2=" ">
    <subfield code="a">AA.VV.</subfield>
    <subfield code="9">794</subfield>
  </datafield>
  <datafield tag="100" ind1=" " ind2=" ">
    <subfield code="e">Autore musica</subfield>
    <subfield code="9">11555</subfield>
  </datafield>
  <datafield tag="100" ind1=" " ind2=" ">
    <subfield code="g">Codice autore musica SPICS: 12000</subfield>
    <subfield code="9">796</subfield>
  </datafield>
  <datafield tag="245" ind1=" " ind2=" ">
    <subfield code="a">Venticinque anni di successi</subfield>
  </datafield>
  <datafield tag="250" ind1=" " ind2=" ">
    <subfield code="a">1a ed.</subfield>
  </datafield>
  <datafield tag="260" ind1=" " ind2=" ">
    <subfield code="a">ITALIA</subfield>
  </datafield>
  <datafield tag="260" ind1=" " ind2=" ">
    <subfield code="b">VIS RADIO</subfield>
  </datafield>
  <datafield tag="300" ind1=" " ind2=" ">
    <subfield code="a">DISCO</subfield>
  </datafield>
  <datafield tag="500" ind1=" " ind2=" ">
    <subfield code="a">ICanzone italiana. I migliori successi della canzone italiana interpretati da Luciano Tajoli</subfield>
  </datafield>
  <datafield tag="505" ind1=" " ind2=" ">
    <subfield code="a">Scrivimi - Miniera - Perdonami - Spazzacamino - Violino tzigano - Mamma - Terra straniera - Ti voglio baciar - Al di l&#xE0; - Emigrante - Mai e poi mai - Balocchi e profumi - Arrotino - Campane di monte Nevoso - Voce di strada - Credimi</subfield>
  </datafield>
  <datafield tag="650" ind1=" " ind2=" ">
    <subfield code="a">CANZONE ITALIAN [DISCHI]</subfield>
    <subfield code="e">Codice MATERIA SPICS: 9950</subfield>
    <subfield code="9">11556</subfield>
  </datafield>
  <datafield tag="700" ind1=" " ind2=" ">
    <subfield code="a">Tajoli Luciano</subfield>
    <subfield code="g">Codice interprete SPICS: 1153</subfield>
    <subfield code="e">Interprete</subfield>
    <subfield code="9">11557</subfield>
  </datafield>
  <datafield tag="700" ind1=" " ind2=" ">
    <subfield code="a">Raimondo Giovanni</subfield>
    <subfield code="g">Codice autore musica SPICS: 13444</subfield>
    <subfield code="e">Autore musica</subfield>
    <subfield code="p">Scrivimi - Miniera</subfield>
    <subfield code="9">11558</subfield>
  </datafield>
  <datafield tag="700" ind1=" " ind2=" ">
    <subfield code="a">Frati Enrico</subfield>
    <subfield code="g">Codice autore testo/musica SPICS: 13443</subfield>
    <subfield code="e">Autore testo/musica</subfield>
    <subfield code="p">Scrivimi - Miniera</subfield>
    <subfield code="9">11559</subfield>
  </datafield>
  <datafield tag="700" ind1=" " ind2=" ">
    <subfield code="a">Sarra</subfield>
    <subfield code="g">Codice autore musica SPICS: 13447</subfield>
    <subfield code="e">Autore musica</subfield>
    <subfield code="p">Perdonami</subfield>
    <subfield code="9">11560</subfield>
  </datafield>
  <datafield tag="700" ind1=" " ind2=" ">
    <subfield code="a">Morbelli Riccardo</subfield>
    <subfield code="g">Codice autore testo/musica SPICS: 13446</subfield>
    <subfield code="e">Autore testo/musica</subfield>
    <subfield code="p">Perdonami</subfield>
    <subfield code="9">11561</subfield>
  </datafield>
  <datafield tag="700" ind1=" " ind2=" ">
    <subfield code="a">Rusconi Gerardo</subfield>
    <subfield code="g">Codice autore musica SPICS: 13276</subfield>
    <subfield code="e">Autore musica</subfield>
    <subfield code="p">Spazzacamino</subfield>
    <subfield code="9">11562</subfield>
  </datafield>
  <datafield tag="700" ind1=" " ind2=" ">
    <subfield code="a">Cherubini Bixio</subfield>
    <subfield code="g">Codice autore testo/musica SPICS: 13442</subfield>
    <subfield code="e">Autore testo/musica</subfield>
    <subfield code="p">Spazzacamino - Violino tzigano - Mamma - Campane di monte Nevoso - Voce di strada</subfield>
    <subfield code="9">11563</subfield>
  </datafield>
  <datafield tag="700" ind1=" " ind2=" ">
    <subfield code="a">Bixio Cesare Andrea</subfield>
    <subfield code="g">Codice autore musica SPICS: 13441</subfield>
    <subfield code="e">Autore musica</subfield>
    <subfield code="p">Violino tzigano - Mamma - Voce di strada</subfield>
    <subfield code="9">11564</subfield>
  </datafield>
  <datafield tag="700" ind1=" " ind2=" ">
    <subfield code="a">Marletta</subfield>
    <subfield code="g">Codice autore musica SPICS: 15757</subfield>
    <subfield code="e">Autore musica</subfield>
    <subfield code="9">11565</subfield>
  </datafield>
  <datafield tag="700" ind1=" " ind2=" ">
    <subfield code="a">Leberati</subfield>
    <subfield code="g">Codice autore testo/musica SPICS: 15758</subfield>
    <subfield code="e">Autore testo/musica</subfield>
    <subfield code="p">Terra straniera</subfield>
    <subfield code="9">11566</subfield>
  </datafield>
  <datafield tag="700" ind1=" " ind2=" ">
    <subfield code="a">Mascheroni Vittorio</subfield>
    <subfield code="g">Codice autore testo/musica SPICS: 13134</subfield>
    <subfield code="e">Autore testo/musica</subfield>
    <subfield code="p">Ti voglio baciar</subfield>
    <subfield code="9">11567</subfield>
  </datafield>
  <datafield tag="700" ind1=" " ind2=" ">
    <subfield code="a">Donida Carlo</subfield>
    <subfield code="g">Codice autore musica SPICS: 13649</subfield>
    <subfield code="e">Autore musica</subfield>
    <subfield code="p">Al di l&#xE0;</subfield>
    <subfield code="9">11568</subfield>
  </datafield>
  <datafield tag="700" ind1=" " ind2=" ">
    <subfield code="a">Mogol (Rapetti Giulio)</subfield>
    <subfield code="g">Codice autore testo/musica SPICS: 13643</subfield>
    <subfield code="e">Autore testo/musica</subfield>
    <subfield code="p">Al di l&#xE0;</subfield>
    <subfield code="9">11569</subfield>
  </datafield>
  <datafield tag="700" ind1=" " ind2=" ">
    <subfield code="a">Maraviglia</subfield>
    <subfield code="g">Codice autore musica SPICS: 15759</subfield>
    <subfield code="e">Autore musica</subfield>
    <subfield code="p">Emigrante</subfield>
    <subfield code="9">11570</subfield>
  </datafield>
  <datafield tag="700" ind1=" " ind2=" ">
    <subfield code="a">Tajoli Luciano</subfield>
    <subfield code="g">Codice autore testo/musica SPICS: 1153</subfield>
    <subfield code="e">Autore testo/musica</subfield>
    <subfield code="p">Emigrante</subfield>
    <subfield code="9">11571</subfield>
  </datafield>
  <datafield tag="700" ind1=" " ind2=" ">
    <subfield code="a">Godini</subfield>
    <subfield code="g">Codice autore musica SPICS: 15761</subfield>
    <subfield code="e">Autore musica</subfield>
    <subfield code="p">Mai e poi mai - Credimi</subfield>
    <subfield code="9">11572</subfield>
  </datafield>
  <datafield tag="700" ind1=" " ind2=" ">
    <subfield code="a">Natili</subfield>
    <subfield code="g">Codice autore testo/musica SPICS: 15760</subfield>
    <subfield code="e">Autore testo/musica</subfield>
    <subfield code="p">Mai e poi mai - Credimi</subfield>
    <subfield code="9">11573</subfield>
  </datafield>
  <datafield tag="700" ind1=" " ind2=" ">
    <subfield code="a">Mario E.A. (Gaeta Giovanni)</subfield>
    <subfield code="g">Codice autore testo/musica SPICS: 13440</subfield>
    <subfield code="e">Autore testo/musica</subfield>
    <subfield code="p">Balocchi e profumi</subfield>
    <subfield code="9">11574</subfield>
  </datafield>
  <datafield tag="700" ind1=" " ind2=" ">
    <subfield code="a">Bracchi Alfredo</subfield>
    <subfield code="g">Codice autore musica SPICS: 13448</subfield>
    <subfield code="e">Autore musica</subfield>
    <subfield code="p">Arrotino</subfield>
    <subfield code="9">11575</subfield>
  </datafield>
  <datafield tag="700" ind1=" " ind2=" ">
    <subfield code="a">Martinelli Ferruccio</subfield>
    <subfield code="g">Codice autore testo/musica SPICS: 15762</subfield>
    <subfield code="e">Autore testo/musica</subfield>
    <subfield code="p">Arrotino</subfield>
    <subfield code="9">11576</subfield>
  </datafield>
  <datafield tag="700" ind1=" " ind2=" ">
    <subfield code="a">Concina Carlo</subfield>
    <subfield code="g">Codice autore musica SPICS: 13632</subfield>
    <subfield code="e">Autore musica</subfield>
    <subfield code="p">Campane di monte Nevoso</subfield>
    <subfield code="9">11577</subfield>
  </datafield>
  <datafield tag="942" ind1=" " ind2=" ">
    <subfield code="c">MD</subfield>
    <subfield code="2">ddc</subfield>
  </datafield>
  <datafield tag="952" ind1=" " ind2=" ">
    <subfield code="0">0</subfield>
    <subfield code="1">0</subfield>
    <subfield code="4">0</subfield>
    <subfield code="6">24679_000000000000000</subfield>
    <subfield code="7">1</subfield>
    <subfield code="a">SPICS</subfield>
    <subfield code="b">SPICS</subfield>
    <subfield code="d">2013-10-25</subfield>
    <subfield code="l">0</subfield>
    <subfield code="o">24679</subfield>
    <subfield code="r">2013-10-25 00:00:00</subfield>
    <subfield code="w">2013-10-25</subfield>
    <subfield code="y">MD</subfield>
    <subfield code="z">Progr. Ins.: 5374 / N.Vol.: 1 / Copie: 1 - Copia rara: NO / date import: 01.01.2014 - By Epidotti, Trombetti, Vaglietti</subfield>
  </datafield>
</record>
